• 首页
  • 本馆介绍
  • 公告通知
  • 最新文献
  • 馆藏检索
  • 电子资源
  • 读者导购
  • 参考咨询
  • 我的图书馆
  • 登录
  • 详细信息显示
  • 放入我的书架
  • 预约/预借图书
  • 作者相关作品
  • 分类相关作品
  • 丛书相关作品
  • 出版社相关作品

书目信息

  • 表格格式
  • 工作单格式
  • 卡片格式
题名:
数字电路技术学习指导与题解
    
 
作者: 李克琳 编著
分册:  
出版信息: 武汉   华中科技大学出版社  2002
页数: 212页
开本: 26cm
丛书名: 电子与信息类丛书
单 册:
中图分类: TN79-44
科图分类:
主题词: 数字电路--高等学校--习题
电子资源:
ISBN: 7-5609-2721-1
000 00707nam0 2200229 45
001 0309100370
005 20141216100430.43
010    @a7-5609-2721-1@dCNY18.80
100    @a20030910d2002 km y0chiy0120 ea
101 0  @achi
105    @a z 000yy
200 1  @a数字电路技术学习指导与题解@Ashu zi dian lu ji shu xue xi zhi dao yu ti jie@f李克琳编著@FLi Ke Lin Bian Zhu
210    @a武汉@c华中科技大学出版社@d2002
215    @a212页@d26cm
225    @a电子与信息类丛书
300    @a21世纪高等学校辅导教材
410    @12001 @a电子与信息类丛书
606 0  @a数字电路@x高等学校@x习题
690    @aTN79-44@v4
701  0 @a李克琳@4编著
801    @aCN@bTSTC@c20030911
905    @f5@b325025-029@dTN79-44@e27
    
    数字电路技术学习指导与题解/李克琳编著.-武汉:华中科技大学出版社,2002
    212页;26cm.-(电子与信息类丛书)
    21世纪高等学校辅导教材
    
    ISBN 7-5609-2721-1:CNY18.80
    
●
相关链接 在E读中查询图书 在五车中查询图书 在当当中查询图书 在豆瓣中查询图书


正题名:数字电路技术学习指导与题解     索取号:TN79-44/27         预约/预借

序号 登录号 条形码 馆藏地/架位号 状态 备注
1 0325025   203250258   第三借阅区/ [索取号:TN79-44/27] 在馆    
2 0325026   203250267   第三借阅区/ [索取号:TN79-44/27] 在馆    
3 0325027   203250276   第三借阅区/ [索取号:TN79-44/27] 在馆    
4 0325028   203250285   第三借阅区/ [索取号:TN79-44/27] 在馆    
5 0325029   203250294   第二样本阅览室/ [索取号:TN79-44/27] 在馆    
6 0348374   203483747   第三借阅区/ [索取号:TN79-44/27] 在馆    
7 0348375   203483756   第三借阅区/ [索取号:TN79-44/27] 在馆    
8 0348376   203483765   第三借阅区/ [索取号:TN79-44/27] 在馆    
9 0348377   203483774   第三借阅区/ [索取号:TN79-44/27] 在馆    
10 0348378   203483783   第三借阅区/ [索取号:TN79-44/27] 在馆    
11 0351574   3515743   第三借阅区/ [索取号:TN79-44/27] 在馆    
12 0351575   3515752   第三借阅区/ [索取号:TN79-44/27] 在馆    
13 0351576   3515761   第三借阅区/ [索取号:TN79-44/27] 在馆    
14 0351577   3515770   第三借阅区/ [索取号:TN79-44/27] 在馆    
15 0351578   3515789   第三借阅区/ [索取号:TN79-44/27] 在馆    
唐山师范学院图书馆 欢迎您!
大连网信软件有限公司© 版权所有